Statistiques concernant Gouvernement si Lenorman était Président

Cliquez ici pour prendre le quiz!

Statistiques générales

  • Ce quiz a été pris 97 fois
  • Le résultat moyen est 6 sur 10

Statistiques - réponses

MinistèreMinistre% Correct
Premier MinistreMickey
88%
FinancesPicsou
85%
DanseMinnie
78%
PoliceTintin
66%
RigoladeColuche
53%
IndustrieMaya
41%
CommerceBécassine
40%
EcologieTarzan
40%
JusticeZorro
38%
CultureSimplet
28%

Distribution des résultats

Percentile par nombre de réponses

% des personnes avec chaque résultat

Votre développement - résultats

Vous n’avez pas pris ce quiz